Adaptación de foto switch en máquinas 1S-2M

Presenta la maquina 15.2M de fabricación francesa que posee la fábrica de envase de hipoclorito de sodio de nombre SOLASA fue diseñada para operar con logotipos de sistema RANDOM, el logotipo del envase de plástico que utiliza SOLASA tiene una marca predeterminada para orientar a la maquina dond...

Full description

Bibliographic Details
Main Author: Arévalo Ruiz, Erick Porfirio
Other Authors: Tutor: Martínez Toribio, Juan Manuel
Format: Tesis Section = Libro
Language:Undetermined
Spanish
Published: Managua UNI 2007
Subjects:
LEADER 01234nam a2200241Ia 4500
008 240830s9999 xx 000 0 und d
040 |a BIBLIOTECA-RUSB/ Mon 621.3 A683 
041 |a spa 
082 |a Mon 621.3 A683 
100 1 |a Arévalo Ruiz, Erick Porfirio 
245 1 0 |a Adaptación de foto switch en máquinas 1S-2M 
260 |a Managua  |b UNI  |c 2007 
300 |a 57 p. :il. 
500 |a Contiene: anexos. 
502 |a Tesis (Ingeniero Eléctrico) - UNI, 2007. 
520 3 |a Presenta la maquina 15.2M de fabricación francesa que posee la fábrica de envase de hipoclorito de sodio de nombre SOLASA fue diseñada para operar con logotipos de sistema RANDOM, el logotipo del envase de plástico que utiliza SOLASA tiene una marca predeterminada para orientar a la maquina donde debe cortar la película de polietileno de tal forma que el logotipo salga completo. Dicha maquina produce variaciones de bolsa la cual hace que el logotipo salga incompleto , y a veces mutilado por l 
650 7 |a INGENIERIA ELECTRICA - FOTO SWITCH MAQUINAS 
650 7 |b  CONTROL Y EMPAQUE DE PRODUCTOS 
650 7 |c  LOGOTIPO EMPAQUE 
700 1 |a Tutor:  |b Martínez Toribio, Juan Manuel 
942 |c BK  |2 ddc 
991 |a TESIS 
999 |c 20052